PC Quest (2001 - (Record no. 231656)
[ view plain ]
| 000 -LEADER | |
|---|---|
| fixed length control field | 00876nam a2200157Ia 4500 |
| 008 - FIXED-LENGTH DATA ELEMENTS--GENERAL INFORMATION | |
| fixed length control field | 231221s9999 xx 000 0 und d |
| 041 ## - LANGUAGE CODE | |
| Language code of text/sound track or separate title | English |
| 082 ## - DEWEY DECIMAL CLASSIFICATION NUMBER | |
| Classification number | JN34408 |
| 245 #0 - TITLE STATEMENT | |
| Title | PC Quest (2001 - |
| 260 ## - PUBLICATION, DISTRIBUTION, ETC. | |
| Date of publication, distribution, etc. | Mar, 2016 |
| Name of publisher, distributor, etc. | Cyber Media |
| 300 ## - PHYSICAL DESCRIPTION | |
| Dimensions | JN34408 |
| 500 ## - GENERAL NOTE | |
| General note | 50+ free software to manage, monitor and secure your network view and analyse network taffic, ensure regular backups for critical servers, scan external devices, analyse and shape packets, regulate bandwidth usage and much more... 8 Bandwidth monitoring tools, Top 20 Network monitoring and analysis tools, 5 productivity enhancemen tools, 5 network firewalls. Linux Distros Ubuntu 15.10 Korora, 5 Full and free games star racing mystery of mortlake mansion, Spoiler alert, wizards spell, Tabletop defense. |
| 650 ## - SUBJECT ADDED ENTRY--TOPICAL TERM | |
| Topical term or geographic name entry element | Computer Science |
| 650 ## - SUBJECT ADDED ENTRY--TOPICAL TERM | |
| Topical term or geographic name entry element | Quest,(2001,-,Computer Science |
| 942 ## - ADDED ENTRY ELEMENTS (KOHA) | |
| Koha item type | Compact Disks |
| Date last seen | Total checkouts | Full call number | Accession number | Price effective from | Category | Lost status | Damaged status | Department | Withdrawn status | Home library | Current library | Shelving location | Entry date | Vendor | Grants | Currency symbol | Conversion rate | Discount | Old discount |
|---|---|---|---|---|---|---|---|---|---|---|---|---|---|---|---|---|---|---|---|
| 26/01/2024 | JN34408 | CD6814 | 26/01/2024 | Compact Disks | Central Library | Central Library | Central Library | Surya Infotainment Products Pvt. Ltd. | MCA | RS | 1 |
